000 00215 a2200097 4500
001 15534
100 _aHofer, C W
245 _aStrategy Formulation
260 _a
_bWest Publishing Company
_c
090 _c12117
_d12117
942 _aNUST-CAE
_cM
_c2356
999 _c250607
_d250607